[Event "Solingen op-A"]
[Site "Solingen"]
[Date "2005.05.28"]
[Round "5"]
[White "Ringoir, Guy"]
[Black "Czybik, Nils Patrick"]
[Result "0-1"]
[WhiteElo "1973"]
[BlackElo "1831"]
[PlyCount "76"]
[EventDate "2005.05.26"]
[EventType "swiss"]
[EventRounds "7"]
[EventCountry "GER"]
[SourceTitle "EXT 2006"]
[Source "ChessBase"]
[SourceDate "2005.11.24"]
[SourceVersion "1"]
[SourceVersionDate "2005.11.24"]
[SourceQuality "1"]

1. e4 c5 2. Nc3 e6 3. g3 d5 4. exd5 exd5 5. d4 Be6 6. Bg2 cxd4 7. Qxd4 Nc6 8. Qd1 Bb4 9. Bd2 Nge7 10. Nf3 h6 11. 0-0 0-0 12. a3 Bc5 13. b4 Bb6 14. Na4 Nd4 15. Nxb6 Nxf3+ 16. Bxf3 Qxb6 17. Be3 Qc7 18. Qd2 b6 19. Rfd1 Rac8 20. Rac1 Rfd8 21. c3 Qc4 22. Qb2 Nf5 23. Bd4 Qc7 24. Re1 Nxd4 25. cxd4 Qd7 26. Rxc8 Rxc8 27. Rc1 Rc4 28. Rxc4 dxc4 29. Qc3 Qa4 30. Qe3 Qb3 31. Qe5 Bh3 32. Qe8+ Kh7 33. Qe4+ f5 34. Qe2 Qxa3 35. Bh5 Qxb4 36. f4 c3 37. Bg6+ Kxg6 38. Qe8+ Kh7 0-1